| 000 | 00408nam a2200145 a 4500 | ||
|---|---|---|---|
| 082 |
_a808.53 _bKAY _cL - 29 P - 108 |
||
| 100 | 1 |
_aKayani, M. R. _945961 |
|
| 245 | 1 | _aHalf Truths | |
| 260 |
_aLahore : _bPakistan Writers Co-Operative Society , _c1968. |
||
| 300 | _a102p. | ||
| 526 |
_a0 _b0 _c0 _d808_530000000000000_KAY |
||
| 650 | 0 |
_aCivil Service -- Pakistan _945962 |
|
| 650 | 0 |
_aMCE _9379 |
|
| 942 |
_2ddc _cBK |
||
| 999 |
_c549345 _d549345 |
||